| 000 | 00744nam a2200253 a 4500 | ||
|---|---|---|---|
| 008 | 071127s1962||||xo l f 000 0 slo d | ||
| 020 | _c15 | ||
| 040 |
_aSNK _bslo _cSNK _eAACR2 |
||
| 041 | 0 | _aslo | |
| 044 |
_axo _cSK _cSK |
||
| 072 | 7 |
_a811.162.4 _xSlovenčina _2konspekt |
|
| 080 |
_a811.162.4 _22001 |
||
| 080 |
_a81ĺ354 _22001 |
||
| 080 |
_a(072) _22001 |
||
| 100 | 1 | _aPíšová, Janka | |
| 245 | 1 | 0 |
_aPravidlá slovenského pravopisu s pravopisným a gramatickým slovníkom _aJanka Píšová |
| 260 |
_aBratislava _bSAV _c1962 |
||
| 300 | _btab. | ||
| 504 | _aBibliogr. s. 94 | ||
| 650 | 0 | 7 |
_aslovenčina _2SNKPH |
| 650 | 0 | 7 |
_apravopisné pravidlá _2SNKPH |
| 650 | 0 | 7 |
_aSlovak language _2SNKPHeng |
| 650 | 0 | 7 |
_aSpelling rules _2SNKPHeng |
| 999 |
_c19698 _d19698 |
||